Quizzes
Events
Quiz Creation
Community
Videos
Private Events
Remove Ads
Sign In
Join for FREE
Feedback
Dark Mode
Quiz Categories
Sports
Geography
Music
Movies
Television
Just For Fun
Miscellaneous
History
Literature
Language
Science
Gaming
Entertainment
Religion
Holiday
For Kids
Quiz Lab
Recent
Popular Today
Quiz Kudos Today
Editor Picks
Curator Picks
Quizzes by...
Day
Popularity
Type
Ratings
Length
Year
Community
Subscriptions
Recent Discussions
Orange Saloon
Badges
Playlists
Quests
Create
Leaderboards
Showdown
Live 5
Trivia Bingo
Activity
Puzzle Library
Sporcle Events
Private Events
Virtual Trivia
Globe League
Become a Host
Pub Owners
SporcleCon
Opinionation
Our Games
Videos
Blog
Mobile Apps
Partnerships
Remove Ads and Go Orange
Feedback
Sports
Athletes
MLB
NBA
NHL
NFL
Soccer
Sports Teams
WWE
NCAA
Football
Premier League
Basketball
Baseball
Hockey
Golf
Tennis
Cricket
Rugby
Auto Racing
Olympics
World Cup
Sports
Athletes
MLB
NBA
NHL
NFL
Soccer
Sports Teams
WWE
NCAA
Football
Premier League
Basketball
Baseball
Hockey
Golf
Tennis
Cricket
Rugby
Auto Racing
Olympics
World Cup
Random Quiz
Search Sporcle
×
Quiz Lab
Quiz Lab
Sports
NBA
Type in answers that appear in a list
Type in answers that appear in a list
Classic
Best Score? Go Orange.
NBA 2011-12 Bench Teams Stats
Can you name the NBA 2011-12 Bench Teams?
By
captain_valiant
15m
150 Questions
106 Plays
106 Plays
106 Plays
Comments
Comments
Give Quiz Kudos
Give Quiz Kudos
-
- Ratings
hide this ad
Replay
Link that replays current quiz
Next Quiz
Link to next quiz in quiz playlist
You Got
0%
They Got
Avg Score
48%
Avg Friend Score
Upgrade to see
Score Distribution
Jump to the score distribution portion of the page
Score
0/150
Timer
15:00
0
Plays Today
% Correct
Lou Williams
86.8%
Shelden Williams
86.8%
Derrick Williams
86.8%
Mo Williams
86.8%
Ed Davis
85.8%
Glen Davis
85.8%
Ivan Johnson
83%
Mike Miller
82.1%
Andre Miller
82.1%
Avery Bradley
81.1%
Nick Collison
80.2%
James Harden
78.3%
J.R Smith
76.4%
Norris Cole
76.4%
Nolan Smith
76.4%
Gerald Green
74.5%
George Hill
74.5%
Willie Green
74.5%
Derek Fisher
74.5%
Danny Green
74.5%
Thaddeus Young
73.6%
Taj Gibson
73.6%
Daniel Gibson
73.6%
Nick Young
73.6%
Lavoy Allen
72.6%
C.J Watson
69.8%
Udonis Haslem
69.8%
Earl Watson
69.8%
Dahntay Jones
67.9%
Iman Shumpert
67%
Brandon Bass
66%
Ben Gordon
66%
Jamal Crawford
65.1%
Steve Novak
64.2%
Ronnie Brewer
64.2%
Shane Battier
64.2%
Corey Brewer
64.2%
Kurt Thomas
64.2%
Omer Asik
63.2%
Tristan Thompson
63.2%
Luke Ridnour
63.2%
Kirk Hinrich
62.3%
Goran Dragic
62.3%
Derrick Brown
60.4%
Shannon Brown
60.4%
Stephen Jackson
60.4%
O.J Mayo
60.4%
Tyler Hansbrough
59.4%
Steve Blake
59.4%
J.J Redick
58.5%
% Correct
Kyle Korver
57.5%
Ben Wallace
57.5%
Robin Lopez
57.5%
Jason Terry
56.6%
Greg Stiemsma
55.7%
Kenyon Martin
55.7%
Maurice Evans
54.7%
Reggie Evans
54.7%
D.J Augustin
53.8%
Jordan Farmar
52.8%
J.J Barea
52.8%
Brandan Wright
51.9%
MarShon Brooks
50.9%
Keyon Dooling
50%
Ronny Turiaf
50%
Rashard Lewis
50%
Wilson Chandler
50%
Tiago Splitter
50%
Mickael Pietrus
49.1%
Manny Harris
48.1%
Zaza Pachulia
48.1%
Josh McRoberts
48.1%
Leandro Barbosa
47.2%
Nazr Mohammed
47.2%
Matt Barnes
47.2%
Quentin Richardson
46.2%
Daequan Cook
46.2%
Marcus Camby
46.2%
Gary Neal
45.3%
Courtney Lee
45.3%
Nikola Pekovic
44.3%
Jared Jeffries
43.4%
Derrick Favors
43.4%
Richard Jefferson
43.4%
Jodie Meeks
42.5%
Tracy McGrady
42.5%
Chris Duhon
42.5%
Chris Andersen
42.5%
C.J Miles
42.5%
Nate Robinson
42.5%
Matt Bonner
42.5%
Will Bynum
41.5%
Troy Murphy
41.5%
Marcus Thornton
40.6%
Delonte West
40.6%
Jerryd Bayless
39.6%
Mike Dunleavy
38.7%
Jonas Jerebko
38.7%
Marreese Speights
38.7%
Beno Udrih
37.7%
% Correct
D.J White
37.7%
Al Harrington
37.7%
Raja Bell
37.7%
Markieff Morris
37.7%
Chuck Hayes
37.7%
Chase Budinger
37.7%
Enes Kanter
36.8%
Greivis Vasquez
36.8%
J.J Hickson
35.8%
Ekpe Udoh
34.9%
Emeka Okafor
34.9%
Ian Mahinmi
34%
Luc Richard Mbah A Moute
33%
Jimmer Fredette
32.1%
Linas Kleiza
31.1%
Louis Amundson
31.1%
Kevin Seraphin
31.1%
Johan Petro
30.2%
Austin Daye
30.2%
Marco Belinelli
30.2%
Donte Greene
28.3%
Nikola Vucevic
27.4%
Aaron Gray
27.4%
Omri Casspi
27.4%
Earl Clark
27.4%
Sebastian Telfair
27.4%
Larry Sanders
26.4%
Francisco Garcia
26.4%
Patrick Patterson
26.4%
Trevor Booker
25.5%
Ryan Gomes
25.5%
Josh Harrellson
24.5%
Brandon Rush
24.5%
Andrew Goudelock
23.6%
Quincy Pondexter
23.6%
DeSagana Diop
21.7%
Matt Carroll
20.8%
Gustavo Ayon
19.8%
Josh Childress
18.9%
Shelvin Mack
17.9%
Anthony Tolliver
17.9%
Gary Forbes
16%
Brian Cardinal
16%
Luke Babbitt
15.1%
Dante Cunningham
15.1%
Al-Farouq Aminu
15.1%
Samardo Samuels
14.2%
Josh Selby
13.2%
Jeremy Tyler
11.3%
Dominic McGuire
9.4%
Quiz Playlist
Details
Report
Send in Message
Add To Playlist
Classic:
Type in answers that appear in a list
Quiz Source
Last Updated: Feb 16, 2017
Quiz Scoreboard
CHALLENGE
Sign Up to Join the Scoreboard
Show All
Scores
Hide
Comments
May contain spoilers
Recently Published
An Introduction to Baseball
by treessimontrees
Sports
5m
Movies - When Are They Set?
by FPL_Elf
Movies
5m
Popular People in 1961
by mucciniale
History
6m
More to Explore
Quiz From the Vault
Featured Blog Post
Where Did the Easter Bunny Come From?
hide this ad
You Might Also Like...
Tags
Basketball Quiz
NBA Quiz
bench
team
Today's Top Quizzes in Sports
Browse Sports
hide this ad
Today's Top Quizzes in NBA
Browse NBA
Top Contributed Quizzes in Sports
1
Les meilleurs buteurs des matchs entre le PSG et l’OM
2
2022 World Cup Stars
3
FIFA Club World Cup Champions
4
Les entraîneurs de l'OM et du PSG au 21e siècle
5
Name the Premier League winners with different clubs
6
La finale Lions - Afrique du Sud 2021
7
Les joueurs passés par le LOSC et le RC Lens
8
Criteria MLB: Left Handed Sluggers
9
Players with Multiple 50 Home Run Seasons
10
5-to-1: UK Sports Teams
Explore More
Trending Topics
Harry Potter
Marvel
Disney
Anime
NBA
Crossword
Kpop
The Office
WWE
Soccer
Puzzle
Country
Song
Pokémon
NFL
hide this ad
More By:
captain_valiant
Quiz
Plays
Rating
Category
Featured
Created
NBA Top 200 greatest players
12,537
4.20
Sports
Jul 13, 2011
NBA 2012-13 Starting Lineups
4,934
3.18
Sports
Aug 17, 2012
NBA 2010-11 Statistical Leaders
3,667
4.27
Sports
Jul 12, 2011
NBA Teams' Greatest All-Time Starting Five
2,995
3.40
Sports
Apr 10, 2012
NBA 2001-02 Statistical Leaders
478
4.25
Sports
Dec 5, 2011
Go to Creator's Profile
Score Distribution
Quiz Creator Spotlight
captain_valiant
Follow
Send a Message
Quizzes Created
-
Created Quiz Play Count
-
More By This Creator
Popular Quizzes Today
1
Find the Countries of Europe - No Outlines Minefield
2
Find the US States - No Outlines Minefield
3
The Countries of the World
4
Popular People in 1961
5
US States
6
Find the US States
7
1-10 Letter E Words III
8
Risky Map Clicking: Biggest States A-Z
More Sports Quizzes
WWE Logic Puzzle
Editor's Pick
Trending Quizzes
Risky Map Clicking: Least Populous States A-Z
1-10 Letter F Words
1-10 Letter G Words
One Thing in Common: United Kingdom
Not Quite an Element Typing Challenge
Recently Updated
Leaping Animals
pecheneg
Reality TV Shows (A-Z)
bhenderson79
Rickey Henderson's Hall of Fame Teammates
pecheneg
Champions League XIs: Arsenal
pecheneg
Quick Pick: Celebrities in WWE's Hall of Fame
aduchscher
A-Z Keypad Blitz II
pecheneg
Multiple Oscar Actors
pecheneg
Mystery Phrase Blitz: Oscar 'Best Actors'
pecheneg
F. Scott Fitzgerald Novels
LTH
Pick 3 Villains
ddd62291
Trending Topics
Crossword
Disney
Marvel
Anime
Harry Potter
NBA
Kpop
Song
Country
The Office
Puzzle
WWE
Pokémon
NFL
Soccer
Your Account Isn't Verified!
In order to create a playlist on Sporcle, you need to verify the email address you used during registration. Go to your
Sporcle Settings
to finish the process.
Report this User
Report this user for behavior that violates our
Community Guidelines
.
Details:
Send Report
Go to the Sporcle.com Mobile Site →
Comments